• 首页
  • 本馆介绍
  • 公告通知
  • 最新文献
  • 馆藏检索
  • 电子资源
  • 读者导购
  • 参考咨询
  • 我的图书馆
  • 登录
  • 详细信息显示
  • 放入我的书架
  • 预约/预借图书
  • 作者相关作品
  • 分类相关作品
  • 丛书相关作品
  • 出版社相关作品

书目信息

  • 表格格式
  • 工作单格式
  • 卡片格式
题名:
全球化与当代中国文化形态
    
 
作者: 车美萍 著
分册:  
出版信息: 济南   山东大学出版社  2009.04
页数: 335页
开本: 24cm
丛书名: 全球化与当代中国文化发展研究丛书
单 册:
中图分类: G122
科图分类:
主题词: 文化--研究--中国--现代 , 文化
电子资源:
ISBN: 978-7-5607-3833-8
000 01044oam2 2200277 450
001 010010035380
005 20091221091115.72
010    @a978-7-5607-3833-8@dCNY35.00
100    @a20090418d2009 em y0chiy0110 ea
101 0  @achi
102    @aCN@b370000
105    @ay z 000yy
106    @ar
200 1  @a全球化与当代中国文化形态@9quan qiu hua yu dang dai zhong guo wen hua xing tai@f车美萍等著
210    @a济南@c山东大学出版社@d2009.04
215    @a335页@d24cm
225 2  @a全球化与当代中国文化发展研究丛书
300    @a教育部人文社会科学重点研究基地重大项目《经济全球化与中国特色社会主义文化建设》
330    @a本书主要内容包括:当代中国文化形态的历史和现状、全球化背景下的中国主导文化发展、全球化背景下的中国精英文化发展、全球化背景下的中国大众文化发展等。
461  0 @12001 @a全球化与当代中国文化发展研究丛书@1701 0@a周向军@4总主编
606 0  @a文化@x研究@y中国@z现代
606 0  @a文化
690    @aG122@v4
701  0 @a车美萍@9che mei ping@4著
801  0 @aCN@bRENTIAN@c20091221
905    @b20798489-91@dG122@e103@f3
    
    全球化与当代中国文化形态/车美萍等著.-济南:山东大学出版社,2009.04
    335页;24cm.-(全球化与当代中国文化发展研究丛书)
    教育部人文社会科学重点研究基地重大项目《经济全球化与中国特色社会主义文化建设》
    
    ISBN 978-7-5607-3833-8:CNY35.00
    本书主要内容包括:当代中国文化形态的历史和现状、全球化背景下的中国主导文化发展、全球化背景下的中国精英文化发展、全球化背景下的中国大众文化发展等。
●
相关链接 在E读中查询图书 在五车中查询图书 在当当中查询图书 在豆瓣中查询图书


正题名:全球化与当代中国文化形态     索取号:G122/103         预约/预借

序号 登录号 条形码 馆藏地/架位号 状态 备注
1 798489   207984895   第一样本阅览室/ [索取号:G122/103] 在馆    
2 798490   207984902   第四借阅区/ [索取号:G122/103] 在馆    
3 798491   207984911   第四借阅区/ [索取号:G122/103] 在馆    
唐山师范学院图书馆 欢迎您!
大连网信软件有限公司© 版权所有